Rugby League Super League Winners - Statistics

General Stats
  • This quiz has been taken 324 times
    171 since last reset
  • The average score is 20 of 27
Answer Stats
Hint Answer % Correct
1996 St Helens
93%
1997 Bradford Bulls
81%
1998 Wigan Warriors
79%
2014 St Helens
77%
1999 St Helens
76%
2013 Wigan Warriors
76%
2006 St Helens
75%
2010 Wigan Warriors
75%
2011 Leeds Rhinos
74%
2012 Leeds Rhinos
74%
2000 St Helens
74%
2002 St Helens
74%
2022 St Helens
74%
2016 Wigan Warriors
74%
2007 Leeds Rhinos
73%
2004 Leeds Rhinos
72%
2008 Leeds Rhinos
72%
2009 Leeds Rhinos
72%
2015 Leeds Rhinos
72%
2017 Leeds Rhinos
72%
2018 Wigan Warriors
72%
2001 Bradford Bulls
71%
2019 St Helens
70%
2020 St Helens
69%
2021 St Helens
69%
2003 Bradford Bulls
68%
2005 Bradford Bulls
67%
No matching quizzes found
Score Distribution
Percent of People with Each Score
Percentile by Number Answered
Your Score History
You have not taken this quiz since the last reset